| 000 -LEADER |
| fixed length control field |
00681nam a2200229Ia 4500 |
| 001 - CONTROL NUMBER |
| control field |
2919 |
| 003 - CONTROL NUMBER IDENTIFIER |
| control field |
GE_BSU |
| 008 - FIXED-LENGTH DATA ELEMENTS--GENERAL INFORMATION |
| fixed length control field |
181216s||||||||xx |||||||||||||| ||und|| |
| 040 ## - CATALOGING SOURCE |
| Transcribing agency |
GE_BSU |
| 080 ## - UNIVERSAL DECIMAL CLASSIFICATION NUMBER |
| Universal Decimal Classification number |
691.7(075.8) |
| 100 ## - MAIN ENTRY--PERSONAL NAME |
| Personal name |
Скугорова,Л.П. Таран,В.Д. |
| 245 ## - TITLE STATEMENT |
| Title |
Трубопроводно-строительные материалы. |
| 245 ## - TITLE STATEMENT |
| Remainder of title |
Учебник. |
| 245 ## - TITLE STATEMENT |
| Statement of responsibility, etc. |
Ред. Н.Н.Попова. |
| 260 ## - PUBLICATION, DISTRIBUTION, ETC. |
| Place of publication, distribution, etc. |
М. |
| 260 ## - PUBLICATION, DISTRIBUTION, ETC. |
| Name of publisher, distributor, etc. |
Высш. школа. |
| 260 ## - PUBLICATION, DISTRIBUTION, ETC. |
| Date of publication, distribution, etc. |
1967. |
| 300 ## - PHYSICAL DESCRIPTION |
| Extent |
352 стр. с илл. 21 см. |
| 300 ## - PHYSICAL DESCRIPTION |
| Accompanying material |
Табл. |
| 653 ## - INDEX TERM--UNCONTROLLED |
| Uncontrolled term |
Трубопроводно-строительные материалы. |
| 942 ## - ADDED ENTRY ELEMENTS (KOHA) |
| Koha item type |
წიგნი |